Normal view
MARC view
- Roberts, Tim
Entry Personal Name
001 - CONTROL NUMBER
- control field: 6353
003 - CONTROL NUMBER IDENTIFIER
- control field: OSt
005 - DATE AND TIME OF LATEST TRANSACTION
- control field: 20241101113620.0
008 - FIXED-LENGTH DATA ELEMENTS
- fixed length control field: 241101|| aca||aabn | a|a d
040 ## - CATALOGING SOURCE
- Original cataloging agency: OSt
- Transcribing agency: OSt
100 ## - HEADING--PERSONAL NAME
- Personal name: Roberts, Tim
670 ## - SOURCE DATA FOUND
- Source citation: Work cat.: (OSt)9693: Parker, Colin . 6352, Energy from waste: An evaluation of conversion technologies / , 1985.
